| 000 | 02738cam a2200565 i 4500 | ||
|---|---|---|---|
| 001 | zswift b1177601 | ||
| 003 | OSt | ||
| 005 | 20251205004129.0 | ||
| 008 | 151001s2015 sp 000 f spa d | ||
| 020 | _a9788466327664 | ||
| 020 | _a8466327665 | ||
| 020 | _a9781941999882 (paperback) | ||
| 040 |
_aGPI _erda _cGPI _dOCLCO _dON8 _dOCLCO _dGZD |
||
| 041 | 1 |
_aspa _heng |
|
| 100 | 1 |
_aMoyes, Jojo, _d1969- _eauthor. |
|
| 240 | 1 | 0 |
_aMe before you. _lSpanish. |
| 245 | 1 | 0 |
_aYo antes de ti _cJojo Moyes ; traducci©đn de M©♭ximo S©Łez. |
| 250 | _aPrimera edici©đn. | ||
| 264 | 1 |
_aBarcelona : _bPunto de Lectura, _c2015. |
|
| 264 | 4 | _c℗♭2015. | |
| 300 |
_a487 pages ; _c19 cm. |
||
| 336 |
_atext _btxt _2rdacontent. |
||
| 337 |
_aunmediated _bn _2rdamedia. |
||
| 338 |
_avolume _bnc _2rdacarrier. |
||
| 490 | 1 |
_a[Me before you ; _v1] |
|
| 490 | 1 | _aNarrativa. | |
| 500 | _aTitulo original: Me before you. | ||
| 520 | _a"Louisa Clark sabe muchas cosas. Sabe cu©Łntos pasos hay entre la parada del autob©ðs y su casa. Sabe que le gusta trabajar en el caf©♭ The Buttered Bun y sabe que quiz©Ł no quiera a su novio Patrick. Lo que Lou no sabe es que est©Ł a punto de perder su trabajo o que son sus peque©łas rutinas las que la mantienen en su sano juicio."--From amazon.com. | ||
| 520 | _aLouisa Clark, an ordinary girl living an exceedingly ordinary life, takes a badly needed job working for ex-Master of the Universe Will Traynor, who is wheelchair bound after a motorcycle accident. Will has always lived a huge life and now is pretty sure he cannot live the way he is. Although he is acerbic, moody, bossy, Lou refuses to treat him with kid gloves, and soon his happiness means more to her than she expected. When she learns that Will has shocking plans of his own, she sets out to show him that life is still worth living. | ||
| 546 | _aIn Spanish. En espa©łol. | ||
| 600 | 1 | 0 |
_aMoyes, Jojo, _d1969- _vTranslations into Spanish. |
| 600 | 1 | 0 |
_aClark, Lou _c(Fictitious character) _vFiction. |
| 650 | 0 |
_aYoung women _vFiction. |
|
| 650 | 0 |
_aPeople with disabilities _vFiction. |
|
| 650 | 0 |
_aCaregivers _vFiction. |
|
| 650 | 0 |
_aParaplegics _vFiction. |
|
| 651 | 0 |
_aEngland _vFiction. |
|
| 655 | 7 |
_aNovela dom©♭stica. _2lcsh-es. |
|
| 655 | 7 |
_aDomestic fiction. _2lcgft. |
|
| 655 | 7 |
_aRomance fiction. _2lcgft. |
|
| 655 | 7 |
_aCuentos de amor. _2bidex. |
|
| 655 | 1 | _aSpanish language materials. | |
| 655 | 7 |
_aMateriales en espa©łol. _2bidex. |
|
| 700 | 1 |
_aS©Łez, M©Łximo, _etranslator. |
|
| 800 | 1 |
_aMoyes, Jojo, _d1969- _tMe before you. _lSpanish ; _v1. |
|
| 830 | 0 |
_aMe before you. _lSpanish ; _v1. |
|
| 830 | 0 |
_aPunto de lectura. _pNarrativa. |
|
| 907 | _a.b34771948x | ||
| 942 | _cBK | ||
| 999 |
_c31282 _d31280 |
||